000 01241nam1a22002891 4500
001 v19\rc\1319155
005 20251113185429.9
035 _a(NLR Aleph) 004474151
090 _a4575381
_c4575381
100 _a20060512d1830 |||y0rusy50 ca
101 0 _arus
_alat
102 _aRU
105 _a z |||||
200 1 _aПрактическое руководство к переводам с российского языка на латинский с предварительным изложением правил этимологии и синтаксиса латинского языка, составленное по Бредеру, Цумфту, Дерингу и другим немецким филологам Никитою Белюстиным
_eЧ. 1-2
210 _aСанкт-Петербург
_cПри Имп. Акад. наук
_d1830
215 _a2 т.
_d20
700 1 _aБелюстин
_bН. Ф.
_f1784-1846
_gНикита Федорович
801 0 _aRU
_bNLR
_gpsbo
801 0 _aRU
_bRuMoRGB
_2psbo
801 1 _aRU
_bProSoft-M
_2rusmarc
852 _aNLR
_j37.31.9.5
899 _aRuMoRGB
_jB 9/33
899 _aБАН
899 _aНБ СПбГУ
899 _aНБ МГУ
_z(1)
942 _cBOOK
980 _aNB